000 00704cam a2200205 a 4500
001 000001899
005 20200929145741.0
008 751001s1975 quc b 000 0afre
020 _a0885320344
040 _aDO-SdBNP
_bspa
_cBNPHU
100 1 _aSaint-Maurice, Faucher de,
_d1844-1897.
_96192
245 1 3 _aDe tribord a bâbord /
_cpresentación, Jacques Ferron ; notas, Ghislaine Beaulieu.
260 _aMontreal :
_bL'Aurore,
_c1975.
300 _aviii, 282 p. ;
_c23 cm.
440 0 _aLe Goglu
_96193
504 _aBibliografía: p. [271]-276.
651 0 _aIncluye Notas Al Pie De Las Páginas
_xDescription And Travel.
_96194
700 1 _aFerron, Jacques
_96195
700 1 _aBeaulie, Ghislaine
_96196
999 _c1771
_d1771